Chile en cuatro momentos.

Zapisane w:
Opis bibliograficzny
Format: Książka
Wydane: Santiago, Chile: Universidad de Los Andes, 2008.
Hasła przedmiotowe:
Etykiety: Dodaj etykietę
Nie ma etykietki, Dołącz pierwszą etykiete!

MARC

LEADER 00000nam a22000007a 4500
003 CL-VaPUC
005 20230829095009.0
008 230705t2008 ||||| |||| 00| 0 eng d
999 |c 441306  |d 441304 
020 |a 978-956-7402-10-6 (o.c); 978-956-7402-19-9 (v.1) 
040 |c Pontificia Universidad Católica de Valparaíso 
082 |a 983 CHI 2008 
245 |a Chile en cuatro momentos. 
260 |a Santiago, Chile:  |b Universidad de Los Andes,  |c 2008. 
300 |a Vol. I: 65 páginas; ilustraciones. 
500 |a c.1 Donación Escuela de Negocios PUCV. Memo 04/2023 
505 |a Volumen I: - Desarrollo Económico - La sociedad del centenario 
583 |c 20230705  |k Catalogador Asistente 
650 0 |a Historia de Chile  |9 265473  |y Siglo 20 
942 |2 ddc  |c BK 
952 |0 0  |1 0  |2 ddc  |4 0  |6 983_000000000000000_CHI_2008  |7 0  |8 A  |9 590669  |a BIBENE  |b BIBENE  |c GEN  |d 2023-07-05  |e Donación  |h v.I  |i 5657870  |o 983 CHI 2008  |p 5657870  |r 2025-01-15  |t 1  |w 2023-07-05  |y BK  |k ICO